CAD/CAM systémy v technologickom procese obrábania
Enregistré dans:
| Auteurs principaux: | , |
|---|---|
| Format: | Livre |
| Langue: | slovaque |
| Publié: |
Košice :
Technická univerzita v Košiciach,
2006
|
| Édition: | 1. vyd |
| Collection: | Edícia študijnej literatúry
|
| Sujets: | |
| Accès en ligne: | OBSAH |
| Tags: |
Pas de tags, Soyez le premier à ajouter un tag!
|
MARC
| LEADER | 00000nam a22000003a 4500 | ||
|---|---|---|---|
| 001 | stu143542 | ||
| 005 | 20150617225952.4 | ||
| 008 | 070725s2006----xo------------------slo-d | ||
| 020 | |a 80-8073-489-5 | ||
| 040 | |a STU |b slo | ||
| 041 | 0 | |a slo | |
| 044 | |a xo | ||
| 080 | |a 004.43 | ||
| 100 | 1 | |a Ižol, Peter |4 aut | |
| 245 | 1 | |a CAD/CAM systémy v technologickom procese obrábania | |
| 250 | |a 1. vyd | ||
| 260 | |a Košice : |b Technická univerzita v Košiciach, |c 2006 | ||
| 300 | |a 119 s | ||
| 650 | 7 | |a CAD/CAM |2 stusub | |
| 650 | 7 | |a obrábanie |2 stusub | |
| 700 | 1 | |a Fabian, Michal |4 aut | |
| 830 | 0 | |a Edícia študijnej literatúry | |
| 856 | 4 | |a https://sweb.mtf.stuba.sk/obsahy/Cad_cad_systemy_v_technologickom_procese_obrabania_06 |u https://sweb.mtf.stuba.sk/obsahy/Cad_cad_systemy_v_technologickom_procese_obrabania_06 |3 OBSAH | |
| 996 | |b 284M076640 |c M*S-1368-1 |l MMST |s A |a 24 |w stu143542_0001 | ||
| 996 | |b 284M076642 |c M*S-1368-3 |l MMST |s A |a 24 |w stu143542_0002 | ||
| 996 | |b 284M076641 |c M*S-1368-2 |l MMST |s A |a 24 |w stu143542_0003 | ||